000
00280nam a22001217a 4500
082
_a
510
_b
DAY/N
100
_a
NAND LAL DAYA RAM
245
_a
MATHEMATICS PART II
_b
CLASS XII
260
_a
DELHI
_b
NANDLAL DAYARAM
300
_a
560
650
_a
MATHS FOR CLASS XII
_z
INDIA
942
_c
BK
999
_c
653
_d
653